| 000 | 00561nam a2200169 a 4500 | ||
|---|---|---|---|
| 001 | 000031143 | ||
| 005 | 20200930062730.0 | ||
| 008 | 110614s2000 dr 000 0 spa d | ||
| 040 |
_aDO-SdBNP _bspa _cBNPHU |
||
| 082 |
_axxxx _bP121, 2000 |
||
| 245 | 0 | 0 |
_aPacto de ética electoral : _buna propuesta desde la sociedad civil. Elecciones presidenciales 2000. |
| 246 | 1 | 4 | _aConvocatoria pública para la suscripción de un pacto ético electoral |
| 250 | _a2a. ed. | ||
| 260 |
_aSanto Domingo : _bMediabyte, _c2000. |
||
| 300 |
_a22 p. ; _c21 cm. |
||
| 049 | _aBNPD | ||
| 999 |
_c30635 _d30635 |
||